After Nietzsche (Record no. 75259)
[ view plain ]
| 000 -LEADER | |
|---|---|
| fixed length control field | 01383nam a22003374a 4500 |
| 082 04 - DEWEY DECIMAL CLASSIFICATION NUMBER | |
| Classification number | 193 |
| 100 1# - MAIN ENTRY--AUTHOR NAME | |
| Personal name | Marsden, Jill, |
| 245 10 - TITLE STATEMENT | |
| Title | After Nietzsche |
| 260 ## - PUBLICATION, DISTRIBUTION, ETC. (IMPRINT) | |
| Place of publication | Houndmills, Basingstoke, Hampshire ; |
| -- | New York : |
| Name of publisher | Palgrave Macmillan, |
| Year of publication | 2002. |
| 300 ## - PHYSICAL DESCRIPTION | |
| Number of Pages | xvii, 209 p. |
| 490 1# - SERIES STATEMENT | |
| Series statement | Renewing philosophy |
| 650 #0 - SUBJECT ADDED ENTRY--TOPICAL TERM | |
| Topical Term | Ecstasy. |
| 856 40 - ELECTRONIC LOCATION AND ACCESS | |
| Uniform Resource Identifier | http://site.ebrary.com/lib/rucke/Doc?id=10044872 |
No items available.
